000 00414nam a2200169 a 4500
001 0000-9345
003 ELIB.Books
008 110520 1980
035 _a(ELIB.Books)0000-9497
082 _a248.4
_bBuc
100 _aBuckingham, Jamie
245 _aWhere Eagles Soar
260 _bWaco: Chosen Books
_c1980
650 _aChristian Life
942 _2ddc
_cBK
998 _cbat
_e2011-05-20
999 _c9345
_d9345